Notas forenses (Registro nro. 3083)

Detalles MARC
000 -Cabecera
Campo de control de longitud fija 00947aam a2200361 4500
005 - Fecha y hora de la última transacción
Campo de control 20250603120411.0
008 - Elementos de longitud fija--Información general
Campo de control de longitud fija 150625b2013 xxu||||| |||| 00| 0 spa d
020 ## - International Standard Book Number
Número Internacional Estándar del Libro (ISBN) 9786071509413
041 ## - Idioma
Código de idioma Español
082 ## - Clasificación Decimal Dewey
Número de clasificación 614.1 D223n
100 ## - Entrada principal--Autor personal
Nombre personal Darnell, Connie
9 (RLIN) 29894
100 ## - Entrada principal--Autor personal
Nombre personal Michel, Christine
9 (RLIN) 26384
245 ## - Título propiamente dicho
Título Notas forenses
260 ## - Pie de imprenta
Lugar de publicación, distribución, etc. México
260 ## - Pie de imprenta
Nombre del editor, distribuidor, etc. McGraw-Hill
260 ## - Pie de imprenta
Fecha de publicación, distribución, etc. 2013
300 ## - Descripción física
Extensión 190 páginas
650 ## - Materia general
Temática (materia general) MEDICINA FORENSE
650 ## - Materia general
Temática (materia general) PACIENTE MEDICOLEGAL
650 ## - Materia general
Temática (materia general) EQUIPO MEDICOLEGAL
650 ## - Materia general
Temática (materia general) MUESTRA DE EVIDENCIA
650 ## - Materia general
Temática (materia general) ALMACENAMIENTO DE EVIDENCIA
650 ## - Materia general
Temática (materia general) TRANSFERENCIA DE EVIDENCIA
650 ## - Materia general
Temática (materia general) DOCUMENTACIÓN DE HERIDAS
650 ## - Materia general
Temática (materia general) FOTODOCUMENTACIÓN
650 ## - Materia general
Temática (materia general) TESTIGOS
650 ## - Materia general
Temática (materia general) INVESTIGACIÓN DE MUERTES
650 ## - Materia general
Temática (materia general) NEGLIENCIA MEDICA
650 ## - Materia general
Temática (materia general) POBLACIÓN INFANTIL
650 ## - Materia general
Temática (materia general) POBLACIÓN ADULTA
942 ## - Punto de acceso adicional KOHA
Tipo de ítem KOHA Libro
Fuente del sistema de clasificación o colocación Dewey Decimal Classification
Existencias
Signatura completa Código de barras Programa Académico Tipo de ítem
614.1 D223n 17839 Investigación Criminal Libro
614.1 D223n 17840 Investigación Criminal Libro
614.1 D223n 18491 Investigación Criminal Libro